Famous People by Picture #1 - Statistics

General Stats
  • This quiz has been taken 69 times
  • The average score is 7 of 10
Answer Stats
Picture Hint Answer % Correct
1926-1962 Marilyn Monroe
97%
1879-1955 Albert Einstein
91%
1987- Lionel Messi
86%
1985- Lewis Hamilton
77%
1856-1943 Nikola Tesla
75%
1977- Emmanuel Macron
73%
1996- Tom Holland
66%
428 BC-347 BC Plato
50%
1970- Christopher Nolan
33%
1964- Rick Riordan
3%
No matching quizzes found
Score Distribution
Percent of People with Each Score
Percentile by Number Answered
Your Score History
You have not taken this quiz